000 00465nam a2200193Ia 4500
003 OSt
005 20260401144801.0
008 250729s2009 xx 000 0 und d
020 _a9788193437544
040 _cAL
041 _aeng
082 _a900.15 RAYH
100 _aS.C.Raychoudhary
_9230819
245 _aHistory of ancient india
260 _aNew Delhi
_bSurjeet Publication
_c2009
300 _a149p
650 _aHistory
_9230820
942 _2ddc
_cBED
999 _c238972
_d238972